000
00337nam a2200133Ia 4500
008
230411s9999 xx 000 0 und d
041
_a
eng
082
_a
F/610.7309/TNA/B06055
100
_a
TNAI
245
_a
History and Trends in Nursing in India
260
_b
TNAI
_a
New Delhi
_c
2001
300
_a
290p
999
_c
156517
_d
156517